Higher education : (Record no. 85887)
[ view plain ]
| 000 -LEADER | |
|---|---|
| fixed length control field | 00821nam a22002297a 4500 |
| 001 - CONTROL NUMBER | |
| control field | 85887 |
| 003 - CONTROL NUMBER IDENTIFIER | |
| rucl marc code | BD-RjUL |
| 005 - DATE AND TIME OF LATEST TRANSACTION | |
| control field | 20251027094034.0 |
| 008 - FIXED-LENGTH DATA ELEMENTS--GENERAL INFORMATION | |
| fixed length control field | 251027s1963 uk ||||| |||| 00| 0 eng d |
| 035 ## - SYSTEM CONTROL NUMBER | |
| System control number | (BD-RjUL) |
| 040 ## - CATALOGING SOURCE | |
| Original cataloging agency | BD-RjUL |
| Language of cataloging | eng |
| Transcribing agency | BD-RjUL |
| 041 ## - LANGUAGE CODE | |
| Language code of text/sound track or separate title | eng |
| 082 ## - DEWEY DECIMAL CLASSIFICATION NUMBER | |
| Edition number | 23 |
| Classification number | 378.42 |
| Author mark and year | HIG 1963 |
| 245 ## - TITLE STATEMENT | |
| Title | Higher education : |
| Remainder of title | appendix five to the Report of the Committee appointed by the Prime Minister under the Chairmanship of Lord Robbins, 1961-63 : higher education in other countries |
| 260 ## - PUBLICATION, DISTRIBUTION, ETC. (IMPRINT) | |
| Place of publication, distribution, etc. | London : |
| Name of publisher, distributor, etc. | H.M.S.O., |
| Date of publication, distribution, etc. | 1963 |
| 300 ## - PHYSICAL DESCRIPTION | |
| Pagination | xiii, 306 pages.; |
| Size | 21 cm |
| 500 ## - GENERAL NOTE | |
| General note | "Presented to Parliament by the Prime Minister by command of Her Majesty, October 1963." |
| 650 ## - SUBJECT ADDED ENTRY--TOPICAL TERM | |
| Topical term or geographic name as entry element | Education |
| Topical term or geographic name as entry element | Higher Education |
| Geographic subdivision | Great Britain |
| 9 (RLIN) | 17237 |
| 710 ## - ADDED ENTRY--CORPORATE NAME | |
| Corporate name or jurisdiction name as entry element | Great Britain |
| 942 ## - ADDED ENTRY ELEMENTS (KOHA) | |
| Source of classification or shelving scheme | Dewey Decimal Classification |
| Koha item type | Books |
| Lost status | Source of classification or shelving scheme | Damaged status | Not for loan | Permanent Location | Current Location | Shelving location | Date acquired | Full call number | Date last seen | Copy number | Koha item type | Total Checkouts |
|---|---|---|---|---|---|---|---|---|---|---|---|---|
| Dewey Decimal Classification | Not For Loan | Central Library, University of Rajshahi | Central Library, University of Rajshahi | Rare Book Section | 27/10/2025 | RA 378.42 HIG 1963 Appendix five | 27/10/2025 | C-1 | Books | |||
| Dewey Decimal Classification | Not For Loan | Central Library, University of Rajshahi | Central Library, University of Rajshahi | Rare Book Section | 28/10/2025 | RA 378.42 HIG 1963 P-1 V-D | 28/10/2025 | C-1 | Books | |||
| Dewey Decimal Classification | Not For Loan | Central Library, University of Rajshahi | Central Library, University of Rajshahi | Rare Book Section | 28/10/2025 | RA 378.42 HIG 1963 P-1 V-A | 28/10/2025 | C -1 | Books | |||
| Dewey Decimal Classification | Not For Loan | Central Library, University of Rajshahi | Central Library, University of Rajshahi | Rare Book Section | 28/10/2025 | RA 378.42 HIG 1963 P-1 V-E | 28/10/2025 | C -1 | Books | |||
| Dewey Decimal Classification | Not For Loan | Central Library, University of Rajshahi | Central Library, University of Rajshahi | Rare Book Section | 28/10/2025 | RA 378.42 HIG 1963 P-1 V-F | 28/10/2025 | C -1 | Books | |||
| Dewey Decimal Classification | Not For Loan | Central Library, University of Rajshahi | Central Library, University of Rajshahi | Rare Book Section | 28/10/2025 | RA 378.42 HIG 1963 P-1 | 28/10/2025 | C -1 | Books | |||
| Dewey Decimal Classification | Not For Loan | Central Library, University of Rajshahi | Central Library, University of Rajshahi | Rare Book Section | 28/10/2025 | RA 378.42 HIG 1963 Appendix -3 | 28/10/2025 | C -1 | Books | |||
| Dewey Decimal Classification | Not For Loan | Central Library, University of Rajshahi | Central Library, University of Rajshahi | Rare Book Section | 28/10/2025 | RA 378.42 HIG 1963 P-1 V-C | 28/10/2025 | C -1 | Books | |||
| Dewey Decimal Classification | Not For Loan | Central Library, University of Rajshahi | Central Library, University of Rajshahi | Rare Book Section | 28/10/2025 | RA 378.42 HIG 1963 Report | 28/10/2025 | C -1 | Books | |||
| Dewey Decimal Classification | Not For Loan | Central Library, University of Rajshahi | Central Library, University of Rajshahi | Rare Book Section | 28/10/2025 | RA 378.42 HIG 1963 Appendix -4 | 28/10/2025 | C -1 | Books |